[Event "19. Obert Int. Sant Marti 2017"]
[Site "Barcelona ESP"]
[Date "2017.07.18"]
[Round "6.34"]
[White "Grafl, Florian"]
[Black "Vignesh, B."]
[Result "1/2-1/2"]
[WhiteElo "2374"]
[BlackElo "2124"]
[PlyCount "105"]
[EventDate "2017.07.13"]
[EventType "swiss"]
[EventRounds "9"]
[EventCountry "ESP"]
[SourceTitle "Ajedrez en Madrid"]
[Source "lmi"]
[SourceDate "2017.07.13"]
[SourceVersion "1"]
[SourceVersionDate "2019.06.21"]
[SourceQuality "1"]

1. b4 e6 2. Bb2 Nf6 3. b5 d5 4. e3 a6 5. a4 Bd6 6. f4 c5 7. Nf3 O-O 8. Be2 axb5
9. axb5 Rxa1 10. Bxa1 b6 11. O-O Nbd7 12. c4 Qc7 13. cxd5 exd5 14. Nh4 Re8 15.
Bf3 Bb7 16. Nc3 d4 17. Bxb7 Qxb7 18. Nf5 Qc7 19. exd4 cxd4 20. Nxd6 Qxd6 21.
Ne2 d3 22. Nd4 Re4 23. Qa4 Rxf4 24. Qa8+ Nf8 25. Rxf4 Qxf4 26. Nf3 Ne4 27. Be5
Qf5 28. Qd5 Ng5 29. h4 Qe4 30. Qxe4 Nxe4 31. Bd4 Nd7 32. Ne1 Nxd2 33. Nxd3 Nc4
34. Nb4 Nd6 35. Nd5 Nxb5 36. Bf2 Nd6 37. Nxb6 Nxb6 38. Bxb6 f5 39. Kf2 Kf7 40.
Kf3 Nc4 41. Bd4 Nd6 42. Kf4 Kg6 43. g4 fxg4 44. Kxg4 Ne4 45. h5+ Kf7 46. Be5
Nc5 47. Kf5 Nd7 48. Bd4 Nf6 49. Kg5 Ke6 50. h6 gxh6+ 51. Kxh6 Kf7 52. Bxf6 Kxf6
53. Kxh7 1/2-1/2

[Event "19. Obert Int. Sant Marti 2017"]
[Site "Barcelona ESP"]
[Date "2017.07.18"]
[Round "6.35"]
[White "Chernyak, Viktoria"]
[Black "Meza Ponce, Jerry"]
[Result "1/2-1/2"]
[WhiteElo "2251"]
[BlackElo "2116"]
[PlyCount "96"]
[EventDate "2017.07.13"]
[EventType "swiss"]
[EventRounds "9"]
[EventCountry "ESP"]
[SourceTitle "Ajedrez en Madrid"]
[Source "lmi"]
[SourceDate "2017.07.13"]
[SourceVersion "1"]
[SourceVersionDate "2019.06.21"]
[SourceQuality "1"]

1. Nf3 d5 2. c4 c6 3. e3 e6 4. b3 f5 5. Nc3 Nf6 6. Be2 Bd6 7. O-O O-O 8. Qc2
Qe7 9. Bb2 Ne4 10. d3 Nxc3 11. Qxc3 Nd7 12. cxd5 exd5 13. Rad1 Nf6 14. Ne5 Be6
15. f4 Rae8 16. Bf3 Bc8 17. Qc1 Nd7 18. d4 Rf6 19. Rf2 Nf8 20. a3 Rh6 21. b4 a6
22. g3 g5 23. Rd3 g4 24. Bg2 Rf6 25. Rc2 Be6 26. Bc3 h5 27. Be1 Rh6 28. Qb2 h4
29. a4 hxg3 30. hxg3 Bxe5 31. dxe5 Qf7 32. Bf1 Bd7 33. Rdd2 Ree6 34. Rh2 Qh7
35. Qd4 b5 36. a5 Rxh2 37. Rxh2 Rh6 38. Rxh6 Qxh6 39. Bc3 Qe6 40. Kf2 Bc8 41.
Bg2 Kf7 42. Qa7+ Qd7 43. Bd4 Qxa7 44. Bxa7 Ne6 45. Ke2 Kg6 46. Kd3 Bb7 47. Bb6
Ba8 48. Ba7 Bb7 1/2-1/2

[Event "19. Obert Int. Sant Marti 2017"]
[Site "Barcelona ESP"]
[Date "2017.07.18"]
[Round "6.36"]
[White "Boixader Arbo, Xavier"]
[Black "Mateus, Alejandro"]
[Result "0-1"]
[WhiteElo "2099"]
[BlackElo "2240"]
[PlyCount "67"]
[EventDate "2017.07.13"]
[EventType "swiss"]
[EventRounds "9"]
[EventCountry "ESP"]
[SourceTitle "Ajedrez en Madrid"]
[Source "lmi"]
[SourceDate "2017.07.13"]
[SourceVersion "1"]
[SourceVersionDate "2019.06.21"]
[SourceQuality "1"]

1. e4 d6 2. d4 Nf6 3. Nc3 c6 4. Be2 Nbd7 5. Be3 e5 6. Qd2 Be7 7. f4 O-O 8.
O-O-O b5 9. Bf3 b4 10. Nce2 Qa5 11. Kb1 Nb6 12. b3 d5 13. fxe5 Nxe4 14. Bxe4
dxe4 15. Ng3 Nd5 16. N1e2 f5 17. exf6 Nxf6 18. Nf4 Bd6 19. Rhf1 Ba6 20. Rf2 Ng4
21. Nxe4 Nxf2 22. Qxf2 Bxf4 23. Bxf4 Qf5 24. Nc5 Bb5 25. Qg1 Qxf4 26. Ne6 Qf2
27. Nxf8 Qxg1 28. Rxg1 Rxf8 29. Kc1 Rf1+ 30. Rxf1 Bxf1 31. g3 Kf7 32. Kd2 Ke6
33. c3 bxc3+ 34. Kxc3 0-1

[Event "19. Obert Int. Sant Marti 2017"]
[Site "Barcelona ESP"]
[Date "2017.07.18"]
[Round "6.37"]
[White "Sanchez Lopez, Juan Manuel"]
[Black "Capellades Subirana, Marc"]
[Result "1/2-1/2"]
[WhiteElo "2088"]
[BlackElo "2237"]
[PlyCount "95"]
[EventDate "2017.07.13"]
[EventType "swiss"]
[EventRounds "9"]
[EventCountry "ESP"]
[SourceTitle "Ajedrez en Madrid"]
[Source "lmi"]
[SourceDate "2017.07.13"]
[SourceVersion "1"]
[SourceVersionDate "2019.06.21"]
[SourceQuality "1"]

1. c4 f5 2. Nc3 Nf6 3. g3 e5 4. Bg2 g6 5. d3 Bg7 6. e3 c6 7. Nge2 d6 8. O-O Be6
9. Rb1 O-O 10. b4 Nbd7 11. b5 Qc7 12. bxc6 bxc6 13. Ba3 Nb6 14. c5 dxc5 15.
Bxc5 Rfd8 16. d4 Nfd5 17. Qc2 e4 18. Rfc1 Nd7 19. Nxd5 Bxd5 20. Be7 Rdb8 21.
Nc3 Rxb1 22. Rxb1 Nb6 23. Bc5 Nd7 24. Ba3 Qd8 25. Nxd5 cxd5 26. Rb7 Nb6 27. Bf1
Rc8 28. Qb3 Rc7 29. Rxc7 Qxc7 30. Bc5 Qd8 31. Bb5 Bf8 32. Bxb6 axb6 33. Bc6 h5
34. Qxd5+ Qxd5 35. Bxd5+ Kg7 36. Kf1 Kf6 37. a4 Bb4 38. Ke2 g5 39. f4 gxf4 40.
gxf4 h4 41. h3 Ba5 42. Bb7 Bb4 43. Bc8 Bd6 44. Kd2 Bb4+ 45. Kc2 Ba5 46. d5 Bb4
47. Bd7 Bc5 48. Kd2 1/2-1/2

[Event "19. Obert Int. Sant Marti 2017"]
[Site "Barcelona ESP"]
[Date "2017.07.18"]
[Round "6.38"]
[White "Vantika, Agrawal"]
[Black "Amer, Said Salim Al Maash"]
[Result "1-0"]
[WhiteElo "2230"]
[BlackElo "2025"]
[PlyCount "75"]
[EventDate "2017.07.13"]
[EventType "swiss"]
[EventRounds "9"]
[EventCountry "ESP"]
[SourceTitle "Ajedrez en Madrid"]
[Source "lmi"]
[SourceDate "2017.07.13"]
[SourceVersion "1"]
[SourceVersionDate "2019.06.21"]
[SourceQuality "1"]

1. d4 Nf6 2. Nf3 e6 3. c4 b6 4. g3 Ba6 5. Qc2 Bb7 6. Bg2 c5 7. d5 exd5 8. cxd5
d6 9. O-O g6 10. e4 Bg7 11. Nc3 O-O 12. e5 Nxd5 13. Nxd5 Bxd5 14. Bg5 Qc7 15.
Rad1 Bc6 16. exd6 Qb7 17. Qb3 Nd7 18. Be7 c4 19. Qe3 Rfe8 20. Qf4 h6 21. Rfe1
Bxb2 22. h4 Bg7 23. h5 gxh5 24. Nh4 Bxg2 25. Nxg2 Rac8 26. Nh4 Rc5 27. Nf5 Rxf5
28. Qxf5 Rc8 29. Qxh5 c3 30. Bh4 c2 31. Rc1 Rc5 32. Re8+ Nf8 33. Qg4 f5 34. Qe2
Qd7 35. Qe7 Qxe7 36. dxe7 Kf7 37. exf8=Q+ Bxf8 38. Re2 1-0

[Event "19. Obert Int. Sant Marti 2017"]
[Site "Barcelona ESP"]
[Date "2017.07.18"]
[Round "6.39"]
[White "Ahmed, Sk. Nasir"]
[Black "David, Bogdan-Emanuel"]
[Result "1-0"]
[WhiteElo "2221"]
[BlackElo "2062"]
[PlyCount "57"]
[EventDate "2017.07.13"]
[EventType "swiss"]
[EventRounds "9"]
[EventCountry "ESP"]
[SourceTitle "Ajedrez en Madrid"]
[Source "lmi"]
[SourceDate "2017.07.13"]
[SourceVersion "1"]
[SourceVersionDate "2019.06.21"]
[SourceQuality "1"]

1. c4 e6 2. g3 d5 3. Bg2 Nf6 4. Nf3 dxc4 5. Qa4+ c6 6. Qxc4 Be7 7. O-O O-O 8.
d4 Nbd7 9. Rd1 h6 10. Nc3 Nb6 11. Qb3 Bd7 12. Ne5 Rc8 13. Bd2 Qc7 14. Rac1 Qb8
15. Bf4 Bd6 16. e4 Rfd8 17. Nxf7 Kxf7 18. Bxd6 Qxd6 19. e5 Qe7 20. exf6 gxf6
21. Ne4 Rc7 22. Nc5 Nd5 23. Nxb7 Rg8 24. Nc5 Bc8 25. Re1 Qd6 26. Re4 Rg6 27.
Rh4 Re7 28. Qc2 Nb4 29. Qd2 1-0

[Event "19. Obert Int. Sant Marti 2017"]
[Site "Barcelona ESP"]
[Date "2017.07.18"]
[Round "6.40"]
[White "Chernikov, Vladimir"]
[Black "Sanchez Jerez, Emilio Miguel"]
[Result "1-0"]
[WhiteElo "2079"]
[BlackElo "2216"]
[PlyCount "43"]
[EventDate "2017.07.13"]
[EventType "swiss"]
[EventRounds "9"]
[EventCountry "ESP"]
[SourceTitle "Ajedrez en Madrid"]
[Source "lmi"]
[SourceDate "2017.07.13"]
[SourceVersion "1"]
[SourceVersionDate "2019.06.21"]
[SourceQuality "1"]

1. d4 d5 2. Nc3 Nf6 3. Bf4 e6 4. Nb5 Na6 5. e3 c6 6. Nc3 b5 7. a3 Bd6 8. Nf3
O-O 9. Ne5 Bb7 10. Bd3 Qc7 11. Qf3 b4 12. Ne2 c5 13. Qg3 c4 14. Ng4 Ne8 15.
Bxd6 Qxd6 16. Nf6+ Kh8 17. Nf4 gxf6 18. Bxh7 f5 19. Qh4 Qd8 20. Qh6 Nf6 21.
Bg6+ Kg8 22. Nh5 1-0

[Event "19. Obert Int. Sant Marti 2017"]
[Site "Barcelona ESP"]
[Date "2017.07.18"]
[Round "6.41"]
[White "Chakravarthy, Y V K."]
[Black "Rodriguez Alvarez, Vidal"]
[Result "0-1"]
[WhiteElo "2006"]
[BlackElo "2214"]
[PlyCount "120"]
[EventDate "2017.07.13"]
[EventType "swiss"]
[EventRounds "9"]
[EventCountry "ESP"]
[SourceTitle "Ajedrez en Madrid"]
[Source "lmi"]
[SourceDate "2017.07.13"]
[SourceVersion "1"]
[SourceVersionDate "2019.06.21"]
[SourceQuality "1"]

1. d4 Nf6 2. Bf4 d5 3. e3 c5 4. c3 Nc6 5. Nd2 e6 6. Ngf3 Bd6 7. Bg3 O-O 8. Bd3
b6 9. Ne5 Bb7 10. Qb1 Rc8 11. O-O Ne7 12. f4 Rc7 13. Bh4 Ng6 14. Nxg6 hxg6 15.
Rf3 Qa8 16. Bxf6 gxf6 17. Qe1 Kg7 18. Rh3 Rcc8 19. Qf2 Rh8 20. Rxh8 Rxh8 21.
Rf1 a5 22. h4 Ba6 23. Bxa6 Qxa6 24. e4 cxd4 25. cxd4 dxe4 26. Nxe4 Be7 27. Rd1
Qc4 28. a3 Rd8 29. Kh2 e5 30. fxe5 fxe5 31. Qg3 Qe6 32. Ng5 Bxg5 33. hxg5 exd4
34. Rd3 Qe4 35. Kg1 Rd5 36. Kh2 Rxg5 37. Qxg5 Qxd3 38. Qe5+ Kh7 39. Qf6 Qc4 40.
Qxb6 d3 41. Qf2 a4 42. Kg3 Qd5 43. Qd2 Qe4 44. Kf2 Qd4+ 45. Kf1 Kg7 46. Qf2 Qc4
47. Qd2 Kf6 48. Kf2 Qd4+ 49. Kf3 g5 50. g3 Kf5 51. Qa5+ Kg6 52. Qd2 f6 53. Kg2
Kf5 54. Kf1 Qe4 55. Kf2 Kg4 56. Qb4 f5 57. Qd2 Qe2+ 58. Qxe2+ dxe2 59. Kxe2
Kxg3 60. b4 axb3 0-1

[Event "19. Obert Int. Sant Marti 2017"]
[Site "Barcelona ESP"]
[Date "2017.07.18"]
[Round "6.42"]
[White "Ajay, Karthikeyan"]
[Black "Gandhi, Anish"]
[Result "1-0"]
[WhiteElo "2187"]
[BlackElo "2012"]
[PlyCount "95"]
[EventDate "2017.07.13"]
[EventType "swiss"]
[EventRounds "9"]
[EventCountry "ESP"]
[SourceTitle "Ajedrez en Madrid"]
[Source "lmi"]
[SourceDate "2017.07.13"]
[SourceVersion "1"]
[SourceVersionDate "2019.06.21"]
[SourceQuality "1"]

1. d4 Nf6 2. c4 g6 3. Nf3 Bg7 4. g3 O-O 5. Bg2 c5 6. d5 b5 7. cxb5 Qa5+ 8. Nfd2
Qxb5 9. Nc3 Qb7 10. O-O d6 11. e4 Nbd7 12. f4 Qc7 13. Nf3 Rb8 14. Re1 c4 15. h3
Nc5 16. e5 Nfd7 17. Bf1 dxe5 18. fxe5 Nxe5 19. Nxe5 Rb6 20. Qe2 f6 21. Qxc4 Qd6
22. Be3 Qxe5 23. Bf2 Qg5 24. Qxc5 Rxb2 25. Qxe7 Qd2 26. Ne4 Qxd5 27. Nd6 Kh8
28. Rab1 Rd2 29. Bc4 Qf3 30. Rf1 h5 31. Nxc8 f5 32. Rb7 Qc3 33. Qxg7+ Qxg7 34.
Rxg7 Kxg7 35. Nxa7 g5 36. a4 f4 37. Be1 Rc2 38. Bd3 Ra2 39. a5 Re8 40. gxf4
gxf4 41. Nc6 Kh6 42. Bf2 Rg8+ 43. Kh1 Ra8 44. Rd1 Rc8 45. Be4 Ra3 46. Kg2 Ra2
47. Rd6+ Kg5 48. Rg6# 1-0

[Event "19. Obert Int. Sant Marti 2017"]
[Site "Barcelona ESP"]
[Date "2017.07.18"]
[Round "6.43"]
[White "Kyrkjebo, Hanna B."]
[Black "Tejaswini, Sagar"]
[Result "1-0"]
[WhiteElo "1923"]
[BlackElo "2160"]
[PlyCount "81"]
[EventDate "2017.07.13"]
[EventType "swiss"]
[EventRounds "9"]
[EventCountry "ESP"]
[SourceTitle "Ajedrez en Madrid"]
[Source "lmi"]
[SourceDate "2017.07.13"]
[SourceVersion "1"]
[SourceVersionDate "2019.06.21"]
[SourceQuality "1"]

1. e4 e5 2. Nf3 Nc6 3. d4 exd4 4. Nxd4 Bc5 5. Nb3 Bb6 6. Nc3 Nf6 7. Qe2 d6 8.
Be3 O-O 9. O-O-O Qe7 10. f3 Be6 11. g3 Bxe3+ 12. Qxe3 Bxb3 13. axb3 Nb4 14. Qd4
a5 15. Bh3 Rfe8 16. Rhe1 Rad8 17. Qg1 c6 18. f4 Qc7 19. Qf2 b5 20. g4 Nd7 21.
g5 Nb6 22. f5 d5 23. e5 a4 24. Qh4 Na6 25. bxa4 b4 26. Ne2 Qxe5 27. Nd4 Qd6 28.
f6 Re4 29. Rxe4 dxe4 30. Bf5 g6 31. Qh6 Qf8 32. Qxf8+ Rxf8 33. Bxe4 c5 34. Nc6
Nxa4 35. Ne7+ Kh8 36. h4 c4 37. h5 N6c5 38. hxg6 fxg6 39. Bxg6 c3 40. b3 Nb2
41. Rh1 1-0

[Event "19. Obert Int. Sant Marti 2017"]
[Site "Barcelona ESP"]
[Date "2017.07.18"]
[Round "6.44"]
[White "Kyrkjebo, Marte B."]
[Black "Valls Marti, Artur"]
[Result "0-1"]
[WhiteElo "1833"]
[BlackElo "2140"]
[PlyCount "122"]
[EventDate "2017.07.13"]
[EventType "swiss"]
[EventRounds "9"]
[EventCountry "ESP"]
[SourceTitle "Ajedrez en Madrid"]
[Source "lmi"]
[SourceDate "2017.07.13"]
[SourceVersion "1"]
[SourceVersionDate "2019.06.21"]
[SourceQuality "1"]

1. e4 e5 2. Nf3 Nc6 3. d4 exd4 4. Nxd4 Nf6 5. Nxc6 bxc6 6. e5 Qe7 7. Qe2 Nd5 8.
c4 Ba6 9. b3 g6 10. f4 Bg7 11. Qf2 Nf6 12. Ba3 Ng4 13. Qg3 Qe6 14. Bb2 O-O 15.
Be2 Nh6 16. O-O d5 17. Nd2 Rfd8 18. Qf2 Bf8 19. Kh1 Qf5 20. Rac1 Bb4 21. Bc3
Ba3 22. Rcd1 Qc2 23. Ba1 dxc4 24. Nxc4 Qxa2 25. Rxd8+ Rxd8 26. Qh4 Re8 27. e6
Qxe2 28. Re1 Be7 29. exf7+ Kxf7 30. Qg3 Bxc4 31. Rxe2 Bxe2 32. Qc3 Ng4 33. Qg7+
Ke6 34. Qb2 Bb5 35. h3 Nf6 36. Qe5+ Kd7 37. Qd4+ Nd5 38. Kh2 Bd6 39. g3 a6 40.
Bb2 Re2+ 41. Kh1 Ne7 42. Qg7 Bd3 43. Be5 Be4+ 44. Kg1 Rg2+ 45. Kf1 Rxg3 46.
Qxh7 Rxb3 47. Ke2 Bf5 48. h4 a5 49. Qh8 a4 50. Qa8 a3 51. Qa4 Rb2+ 52. Ke3 Rh2
53. Kf3 a2 54. Ba1 Be6 55. Qd4 Rxh4 56. Qb2 Rxf4+ 57. Ke3 g5 58. Qg7 g4 59. Ke2
g3 60. Qg5 Bg4+ 61. Kd3 g2 0-1

[Event "19. Obert Int. Sant Marti 2017"]
[Site "Barcelona ESP"]
[Date "2017.07.18"]
[Round "6.45"]
[White "Xu, Zhihang"]
[Black "Manush, Shah"]
[Result "1-0"]
[WhiteElo "2140"]
[BlackElo "2016"]
[PlyCount "137"]
[EventDate "2017.07.13"]
[EventType "swiss"]
[EventRounds "9"]
[EventCountry "ESP"]
[SourceTitle "Ajedrez en Madrid"]
[Source "lmi"]
[SourceDate "2017.07.13"]
[SourceVersion "1"]
[SourceVersionDate "2019.06.21"]
[SourceQuality "1"]

1. Nf3 d5 2. d4 Nf6 3. c4 c6 4. e3 e6 5. Nbd2 Nbd7 6. Bd3 Bd6 7. O-O O-O 8. e4
e5 9. cxd5 cxd5 10. Re1 Re8 11. exd5 exd4 12. Ne4 Bb4 13. Bd2 Nxd5 14. Nxd4 Ne5
15. Bb5 Bd7 16. Bxb4 Nxb4 17. Nd6 Bg4 18. Qxg4 Qxd6 19. Nf5 Nxg4 20. Nxd6 Rxe1+
21. Rxe1 Nf6 22. Bc4 Kf8 23. Nxb7 Rb8 24. Nd6 Nc2 25. Re2 Rxb2 26. g4 Rb1+ 27.
Kg2 Nd4 28. Re3 g5 29. Nxf7 Rc1 30. Nd6 Rd1 31. h3 Ne2 32. Rxe2 Rxd6 33. Re5 h6
34. Kg3 Rd4 35. Bb3 Ne4+ 36. Kg2 Nd2 37. Rf5+ Ke8 38. Bf7+ Ke7 39. Bg8 Rf4 40.
Ra5 Ne4 41. Rxa7+ Kf8 42. Ra8+ Kg7 43. f3 Nd2 44. Bd5 Rd4 45. Ra7+ Kh8 46. Rd7
Nb1 47. Be6 Rb4 48. Bb3 Nc3 49. Rd2 Rf4 50. Kg3 Nb5 51. h4 Nd4 52. Bd5 Kg7 53.
a4 Kf6 54. hxg5+ hxg5 55. a5 Ke5 56. Be4 Rf6 57. Bb7 Rd6 58. Rb2 Ne6 59. a6 Nc7
60. a7 Rd8 61. Rc2 Na8 62. Rc8 Rxc8 63. Bxc8 Kd6 64. Bb7 Nc7 65. a8=Q Nxa8 66.
Bxa8 Ke7 67. Bb7 Kf6 68. Kf2 Ke5 69. Ke3 1-0

[Event "19. Obert Int. Sant Marti 2017"]
[Site "Barcelona ESP"]
[Date "2017.07.18"]
[Round "6.46"]
[White "Ventura Bolet, Maxim"]
[Black "Deaconu, Mihai-Ionut"]
[Result "1/2-1/2"]
[WhiteElo "2262"]
[BlackElo "1965"]
[PlyCount "93"]
[EventDate "2017.07.13"]
[EventType "swiss"]
[EventRounds "9"]
[EventCountry "ESP"]
[SourceTitle "Ajedrez en Madrid"]
[Source "lmi"]
[SourceDate "2017.07.13"]
[SourceVersion "1"]
[SourceVersionDate "2019.06.21"]
[SourceQuality "1"]

1. Nf3 g6 2. g3 Bg7 3. d4 Nf6 4. Bg2 O-O 5. c4 d6 6. Nc3 Nc6 7. O-O a6 8. d5
Na5 9. b3 c5 10. dxc6 Nxc6 11. Bb2 Rb8 12. Rc1 Bf5 13. Nh4 Be6 14. Qd2 Qa5 15.
Rfd1 Rfc8 16. Na4 Qxd2 17. Rxd2 g5 18. Nf3 Ne4 19. Rdd1 b5 20. cxb5 axb5 21.
Nc3 g4 22. Ne1 Nxc3 23. Bxc3 Bxc3 24. Rxc3 Nb4 25. Rxc8+ Rxc8 26. a3 Nc2 27. a4
Bxb3 28. axb5 Nxe1 29. Rxe1 d5 30. Rb1 Bc4 31. e4 Bd3 32. Re1 dxe4 33. Bxe4
Bxb5 34. Bf5 Rc4 35. Bd3 Rb4 36. Bxb5 Rxb5 37. Rxe7 Kg7 38. Kg2 Kg6 39. h3 h5
40. Re4 Kg5 41. Ra4 Rf5 42. h4+ Kg6 43. Ra8 Kg7 44. Ra6 Rb5 45. Kf1 Re5 46. Rb6
f6 47. Kg2 1/2-1/2

[Event "19. Obert Int. Sant Marti 2017"]
[Site "Barcelona ESP"]
[Date "2017.07.18"]
[Round "6.47"]
[White "Avdhoot, Lendhe"]
[Black "Rios Parra, Alejandro"]
[Result "0-1"]
[WhiteElo "2034"]
[BlackElo "2342"]
[PlyCount "140"]
[EventDate "2017.07.13"]
[EventType "swiss"]
[EventRounds "9"]
[EventCountry "ESP"]
[SourceTitle "Ajedrez en Madrid"]
[Source "lmi"]
[SourceDate "2017.07.13"]
[SourceVersion "1"]
[SourceVersionDate "2019.06.21"]
[SourceQuality "1"]

1. d4 f5 2. c4 d6 3. Nc3 Nf6 4. Nf3 g6 5. g3 Bg7 6. Bg2 O-O 7. O-O c6 8. d5 Qb6
9. Rb1 Na6 10. b4 cxd5 11. cxd5 Bd7 12. Be3 Qd8 13. Bd4 Qe8 14. Qd3 h6 15. Nd2
Qf7 16. Nc4 Nc7 17. b5 b6 18. a4 Ng4 19. Bxg7 Qxg7 20. f4 Rfc8 21. Na2 Ne8 22.
Rfc1 Ngf6 23. Nd2 g5 24. Nb4 Rc5 25. Nb3 Rxc1+ 26. Rxc1 gxf4 27. gxf4 Ne4 28.
Qd4 N8f6 29. Kh1 Kf7 30. Rg1 Rg8 31. Bxe4 Qxg1+ 32. Qxg1 Rxg1+ 33. Kxg1 Nxe4
34. Nd4 Nc3 35. Nbc6 Nxa4 36. Nxa7 Nc3 37. Kf2 Nxd5 38. e3 Nc3 39. Nac6 Kf6 40.
Nb4 e6 41. Ndc6 Nxb5 42. Nb8 Be8 43. N8a6 Nc3 44. Kf3 Bh5+ 45. Kg2 Nd1 46. Kg3
Nxe3 47. Nb8 Be8 48. N8a6 Nc4 49. Nc2 e5 50. Nab4 Ke6 51. Na6 Bc6 52. Ncb4 Be4
53. Nc7+ Kd7 54. Nb5 Na5 55. Nc3 Nc6 56. Nba2 Bd3 57. Nd5 b5 58. Nac3 Bc4 59.
Ne3 Ke6 60. Ncd1 Nd4 61. fxe5 dxe5 62. Kf2 f4 63. Ng2 b4 64. Nb2 Bd5 65. Nd1
Kd7 66. Nh4 e4 67. Ng6 e3+ 68. Nxe3 fxe3+ 69. Kxe3 b3 70. Kd2 b2 0-1

[Event "19. Obert Int. Sant Marti 2017"]
[Site "Barcelona ESP"]
[Date "2017.07.18"]
[Round "6.48"]
[White "Degraeve, Thomas"]
[Black "Vergara Jofre, Felipe"]
[Result "0-1"]
[WhiteElo "2008"]
[BlackElo "2234"]
[PlyCount "100"]
[EventDate "2017.07.13"]
[EventType "swiss"]
[EventRounds "9"]
[EventCountry "ESP"]
[SourceTitle "Ajedrez en Madrid"]
[Source "lmi"]
[SourceDate "2017.07.13"]
[SourceVersion "1"]
[SourceVersionDate "2019.06.21"]
[SourceQuality "1"]

1. d4 Nf6 2. c4 Nc6 3. Nf3 e6 4. Nc3 Bb4 5. Bg5 h6 6. Bxf6 Bxc3+ 7. bxc3 Qxf6
8. e4 d6 9. Bd3 e5 10. d5 Nb8 11. O-O O-O 12. h3 Nd7 13. Qe2 a5 14. Kh2 Nc5 15.
Bc2 Qe7 16. g3 f5 17. Nh4 f4 18. Ng6 Qd7 19. Qh5 Rf6 20. gxf4 Rxg6 21. Qxg6
Qxh3+ 22. Kg1 Bg4 23. Bd1 Bxd1 24. Raxd1 Rf8 25. Qg3 Qh5 26. f3 Rxf4 27. Rde1
Rf6 28. Qh2 Qf7 29. Qe2 Rg6+ 30. Kh1 Rg3 31. Qh2 Rg5 32. Qe2 Rh5+ 33. Kg1 Qg6+
34. Qg2 Rg5 35. Re2 Nd3 36. Qxg5 Qxg5+ 37. Rg2 Qe3+ 38. Kh1 g5 39. Rh2 Kg7 40.
Rc2 Kg6 41. Kh2 Nf4 42. Rff2 Qe1 43. Rcd2 b6 44. Rc2 a4 45. Rcd2 a3 46. Rc2 h5
47. Rcd2 Qb1 48. Rc2 Nd3 49. Rfe2 Ne1 50. Rcd2 Nxf3+ 0-1

[Event "19. Obert Int. Sant Marti 2017"]
[Site "Barcelona ESP"]
[Date "2017.07.18"]
[Round "6.49"]
[White "Dardha, Daniel"]
[Black "Garcia Espelta, Josep"]
[Result "1/2-1/2"]
[WhiteElo "2212"]
[BlackElo "2052"]
[PlyCount "116"]
[EventDate "2017.07.13"]
[EventType "swiss"]
[EventRounds "9"]
[EventCountry "ESP"]
[SourceTitle "Ajedrez en Madrid"]
[Source "lmi"]
[SourceDate "2017.07.13"]
[SourceVersion "1"]
[SourceVersionDate "2019.06.21"]
[SourceQuality "1"]

1. d4 d5 2. c4 e6 3. Nf3 Nf6 4. g3 Be7 5. Bg2 O-O 6. O-O dxc4 7. Na3 Bxa3 8.
bxa3 b5 9. a4 c6 10. axb5 cxb5 11. a4 b4 12. Ne5 Nd5 13. Nxc4 a5 14. Bb2 Ba6
15. Rc1 Nd7 16. Qb3 N7b6 17. Nxb6 Qxb6 18. Rfe1 Rfd8 19. e4 Nf6 20. Red1 Rac8
21. d5 exd5 22. exd5 Bb7 23. Bd4 Qd6 24. Rxc8 Rxc8 25. Qb2 Re8 26. Bxf6 gxf6
27. h3 Bc8 28. Kh2 Bd7 29. Rd4 Qe5 30. Qd2 Rb8 31. Re4 Qd6 32. Qh6 Bf5 33. Re2
b3 34. Rb2 Bc2 35. Rxc2 bxc2 36. Be4 c1=Q 37. Qxc1 Qe5 38. Bg2 Rb4 39. Qc6 Rd4
40. Qa8+ Kg7 41. Qxa5 Qe2 42. Qb6 Rxa4 43. d6 Qd2 44. Qc5 Rd4 45. Qf5 Qg5 46.
Qd7 Qe5 47. Qb7 Rxd6 48. Qb4 Rd4 49. Qc3 Qd6 50. Qf3 Qd7 51. Qe3 Qd6 52. Qf3
Qe5 53. Qc3 f5 54. Qf3 Qf6 55. Qh5 Rd2 56. Qf3 Qe5 57. h4 Rd4 58. Qh5 Rd6
1/2-1/2

[Event "19. Obert Int. Sant Marti 2017"]
[Site "Barcelona ESP"]
[Date "2017.07.18"]
[Round "6.50"]
[White "Dalo, Hermes"]
[Black "Rodriguez Vega, Blas"]
[Result "1-0"]
[WhiteElo "2202"]
[BlackElo "2048"]
[PlyCount "55"]
[EventDate "2017.07.13"]
[EventType "swiss"]
[EventRounds "9"]
[EventCountry "ESP"]
[SourceTitle "Ajedrez en Madrid"]
[Source "lmi"]
[SourceDate "2017.07.13"]
[SourceVersion "1"]
[SourceVersionDate "2019.06.21"]
[SourceQuality "1"]

1. Nf3 Nf6 2. g3 g6 3. Bg2 Bg7 4. O-O O-O 5. d4 d6 6. b3 Nc6 7. Bb2 e5 8. dxe5
Ng4 9. Qd2 Ngxe5 10. c4 Qe7 11. Nc3 Nxf3+ 12. exf3 Be6 13. f4 Rab8 14. Nd5 Bxd5
15. Bxg7 Kxg7 16. cxd5 Nd8 17. Qd4+ f6 18. Qxa7 Nf7 19. Rfe1 Qd8 20. Re6 Nh6
21. Rae1 b6 22. Qa4 Nf5 23. g4 b5 24. Qe4 Nh6 25. Bh3 Nf7 26. Qd4 g5 27. Re7
Kg6 28. R1e6 1-0

[Event "19. Obert Int. Sant Marti 2017"]
[Site "Barcelona ESP"]
[Date "2017.07.18"]
[Round "6.51"]
[White "Di Chiara, Mauro"]
[Black "Salagran Ferragut, Guillem"]
[Result "0-1"]
[WhiteElo "1964"]
[BlackElo "2201"]
[PlyCount "106"]
[EventDate "2017.07.13"]
[EventType "swiss"]
[EventRounds "9"]
[EventCountry "ESP"]
[SourceTitle "Ajedrez en Madrid"]
[Source "lmi"]
[SourceDate "2017.07.13"]
[SourceVersion "1"]
[SourceVersionDate "2019.06.21"]
[SourceQuality "1"]

1. d4 Nf6 2. Nf3 e6 3. c4 b6 4. g3 Ba6 5. b3 b5 6. Bg2 bxc4 7. Ne5 Bb4+ 8. Bd2
cxb3 9. axb3 Bxd2+ 10. Qxd2 d5 11. Qb4 Qd6 12. Qa4+ c6 13. Nc3 O-O 14. O-O Nfd7
15. Nxd7 Qxd7 16. Rfc1 Bb5 17. Qa5 a6 18. e4 dxe4 19. Nxb5 cxb5 20. Bxe4 Ra7
21. Qb6 Qe7 22. Rc2 Rd7 23. Rac1 Qd6 24. Qc5 g6 25. Rd1 Rfd8 26. Qg5 Qb4 27.
Qf6 Rxd4 28. Rxd4 Qxd4 29. Qxd4 Rxd4 30. Rc8+ Kg7 31. Bxg6 hxg6 32. Rxb8 Rd1+
33. Kg2 Ra1 34. h4 Ra3 35. Rb6 Kf6 36. g4 Ke5 37. Rb7 Kf4 38. f3 f5 39. Rg7
Ra2+ 40. Kh3 Kxf3 41. gxf5 gxf5 42. h5 Rd2 43. h6 Rd8 44. h7 Rh8 45. Kh4 e5 46.
Kg5 f4 47. Rf7 Ke3 48. Kf6 f3 49. Kg7 Rxh7+ 50. Kxh7 e4 51. Kg6 f2 52. Kg5 Ke2
53. Kg4 e3 0-1

[Event "19. Obert Int. Sant Marti 2017"]
[Site "Barcelona ESP"]
[Date "2017.07.18"]
[Round "6.52"]
[White "Carrasco Rodriguez, Jesus"]
[Black "Rojas Fernandez, Andres"]
[Result "1-0"]
[WhiteElo "2181"]
[BlackElo "1997"]
[PlyCount "53"]
[EventDate "2017.07.13"]
[EventType "swiss"]
[EventRounds "9"]
[EventCountry "ESP"]
[SourceTitle "Ajedrez en Madrid"]
[Source "lmi"]
[SourceDate "2017.07.13"]
[SourceVersion "1"]
[SourceVersionDate "2019.06.21"]
[SourceQuality "1"]

1. e4 e6 2. d4 d5 3. Bd3 Nf6 4. e5 Nfd7 5. f4 c5 6. c3 Nc6 7. Nf3 Qb6 8. Bc2
cxd4 9. cxd4 Nb4 10. O-O Nxc2 11. Qxc2 Qc6 12. Nc3 b5 13. a3 a5 14. f5 Nb6 15.
fxe6 Bxe6 16. Ng5 b4 17. Nxe6 Qxe6 18. Nb5 Rc8 19. Nc7+ Kd7 20. Nxe6 Rxc2 21.
Ng5 bxa3 22. bxa3 h6 23. Rxf7+ Ke8 24. Rb7 hxg5 25. Rxb6 Rh4 26. Rb8+ Kf7 27.
e6+ 1-0